One Piece - Qui sont ces personnages? [Version sexe opposé] - Statistiques

Statistiques générales
  • Ce quiz a été pris 231 fois
  • Le résultat moyen est 24 sur 30
Statistiques - réponses
Par images Réponse % Correct
Monkey D. Luffy
100%
Roronoa Zoro
99%
Sanji
97%
Tony Tony Chopper
96%
Franky
94%
Brook
93%
Nami
93%
Nico Robin
93%
Crocodile
91%
Usopp
91%
Don Quichotte Doflamingo
88%
Trafalgar D. Water Law
87%
Jinbei
85%
Dracule Mihawk "Œil de Faucon"
84%
Bartholomew Kuma
83%
Eustass "Captain" Kid
82%
Marshall D. Teach "Barbe noire"
82%
Boa Hancock
81%
Borsalino "Kizaru"
77%
Gecko Moria
76%
Sakazuki "Akainu"
75%
Killer
71%
Basil Hawkins
70%
X. Drake
69%
Issho "Fujitora"
65%
Capone "Gang" Bege
64%
Jewerly Bonney
64%
Kuzan
64%
Scratchmen Apoo
64%
Urouge
49%
Aucun quiz correspondant
Distribution des résultats
% des personnes avec chaque résultat
Percentile par nombre de réponses
Votre historique - résultats
Vous n’avez pas pris ce quiz